000 00253nam a2200121Ia 4500
100 _aMANDAL/S.K.
942 _cBK
245 _aTotal Quality Management
260 _bVIKAS PUBLISHERS
_c2009
082 _a658.5/MAN
300 _a412
546 _aENGLISH
999 _c29204
_d29204